Faculty of Law Library — Cairo University

Official Online Catalog

Criminal justice in America / (Record no. 53786)

MARC details
000 -LEADER
fixed length control field 01441cac a2200373 i 4500
003 - CONTROL NUMBER IDENTIFIER
control field EG-GICUC
005 - DATE AND TIME OF LATEST TRANSACTION
control field 20260121101634.0
008 - FIXED-LENGTH DATA ELEMENTS--GENERAL INFORMATION
fixed length control field 031208s2005 caua frb 001 0 eng d
020 ## - INTERNATIONAL STANDARD BOOK NUMBER
International Standard Book Number 0534629644
020 ## - INTERNATIONAL STANDARD BOOK NUMBER
International Standard Book Number 9780534629649
040 ## - CATALOGING SOURCE
Original cataloging agency DLC
Transcribing agency DLC
Modifying agency DLC
-- EG-GICUC
Language of cataloging eng
Description conventions rda
043 ## - GEOGRAPHIC AREA CODE
Geographic area code n-us---
050 00 - LIBRARY OF CONGRESS CALL NUMBER
Classification number HV9950
Item number .C6 2005
082 04 - DEWEY DECIMAL CLASSIFICATION NUMBER
Classification number 343.3.073
Edition number 21
092 04 - LOCALLY ASSIGNED DEWEY CALL NUMBER (OCLC)
Edition number 21
099 ## - LOCAL FREE-TEXT CALL NUMBER (OCLC)
Classification number Law 10 2005
100 1# - MAIN ENTRY--PERSONAL NAME
Personal name Cole, George F.,
Dates associated with a name 1935-
245 10 - TITLE STATEMENT
Title Criminal justice in America /
Statement of responsibility, etc. George F. Cole, Christopher E. Smith.
250 ## - EDITION STATEMENT
Edition statement 4th edition.
264 ## - PRODUCTION, PUBLICATION, DISTRIBUTION, MANUFACTURE, AND COPYRIGHT NOTICE
Place of production, publication, distribution, manufacture Belmont, CA :
Name of producer, publisher, distributor, manufacturer Wadsworth Thomson Learning,
Date of production, publication, distribution, manufacture, or copyright notice 2005.
300 ## - PHYSICAL DESCRIPTION
Extent xxv, 398 pages :
Other physical details illustrations (chiefly color) ;
Dimensions 28 cm
336 ## - CONTENT TYPE
Content type term text
Content type code txt
Source rdacontent
337 ## - MEDIA TYPE
Media type term unmediated
Media type code n
Source rdamedia
338 ## - CARRIER TYPE
Carrier type term volume
Carrier type code nc
Source rdacarrier
504 ## - BIBLIOGRAPHY, ETC. NOTE
Bibliography, etc. note Includes bibliographical references (p. 362-373) and indexes.
650 #0 - SUBJECT ADDED ENTRY--TOPICAL TERM
Topical term or geographic name entry element Criminal justice, Administration of
Geographic subdivision United States.
700 1# - ADDED ENTRY--PERSONAL NAME
Personal name Smith, Christopher E.
856 42 - ELECTRONIC LOCATION AND ACCESS
Uniform Resource Identifier <a href="https://fll.law.cu.edu.eg/fulltext/bks/ENGB10-00137.pdf">https://fll.law.cu.edu.eg/fulltext/bks/ENGB10-00137.pdf</a>
856 42 - ELECTRONIC LOCATION AND ACCESS
Materials specified Contributor biographical information
Uniform Resource Identifier <a href="http://www.loc.gov/catdir/enhancements/fy1103/2003116251-b.html">http://www.loc.gov/catdir/enhancements/fy1103/2003116251-b.html</a>
856 42 - ELECTRONIC LOCATION AND ACCESS
Materials specified Publisher description
Uniform Resource Identifier <a href="http://www.loc.gov/catdir/enhancements/fy1103/2003116251-d.html">http://www.loc.gov/catdir/enhancements/fy1103/2003116251-d.html</a>
856 41 - ELECTRONIC LOCATION AND ACCESS
Materials specified Table of contents only
Uniform Resource Identifier <a href="http://www.loc.gov/catdir/enhancements/fy1103/2003116251-t.html">http://www.loc.gov/catdir/enhancements/fy1103/2003116251-t.html</a>
905 ## - Cataloger and Reviser Names
Cataloger Name: Hend El khosy
942 ## - ADDED ENTRY ELEMENTS (KOHA)
Source of classification or shelving scheme Dewey Decimal Classification
Koha item type Books
Edition 21
Suppress in OPAC No
Holdings
Withdrawn status Lost status Source of classification or shelving scheme Damaged status Not for loan Collection Home library Current library Date acquired Total checkouts Full call number Barcode Date last seen Copy number Price effective from Koha item type Public note
    Dewey Decimal Classification     القانون الجنائي جــــامعة القــاهرة مكتبة كلية الحقوق - فـرع الشيخ زايد 01.01.2026   Law2 10 343.3073 CO . C 4 ed - 2005 1000137 C1 ENGB10-00137 01.01.2026 1 01.01.2026 Books 1910

© All rights reserved — Faculty of Law, Cairo University